| 000 | 00641nam a2200217Ia 4500 | ||
|---|---|---|---|
| 005 | 20230211112403.0 | ||
| 008 | 131103s9999 xx 000 0 und d | ||
| 040 | _aLoreto College | ||
| 041 | _aEnglish | ||
| 082 |
_a820.8 _bSWE |
||
| 245 |
_aSweet's Anglo-Saxon readers _b in porse and verse _crevised through out by C. T. Onions |
||
| 250 | _a14th ed. | ||
| 260 |
_aOxford _bClarendon Press _c1962 |
||
| 300 | _aviii,312 p. | ||
| 504 | _aIncludes glossary | ||
| 650 | _aEnglish Literature - | ||
| 651 | _aProse and Verse - Collections - Micellaneous Writing - | ||
| 700 | _aOnion, C. T., rev. | ||
| 850 | _aLCLIB | ||
| 942 | _cBK | ||
| 999 |
_c1626 _d52105 |
||